000 00811nam a2200241 i 4500
001 13640
003 ES-MaACL
005 20250824210440.0
007 t|
008 971031s1997 sp ||||0| spa
020 _a84-451-1271-6
080 _a352(460)
100 1 _aAlonso Barahona, Fernando.
_920259
245 1 0 _aInformes municipales /
_cFernando Alonso Barahona.
260 _aMadrid :
_bDirección General de Administración Local,
_c[1997]
300 _a154 p. ;
_c23 cm.
490 1 _aLibros ;
_v5
650 1 4 _aAdministración municipal-
_zEspaña.
_99642
710 1 _aMadrid (Comunidad Autónoma).
_bDirección General de Administración Local.
_95609
830 1 0 _aLibros (Dirección General de Administración Local)
_v5
_9179587
852 _aES-MaACL
_jL-21054
999 _c13640
_d13640